000 00410pab a2200157 454500
008 180718b2000 xxu||||| |||| 00| 0 eng d
100 _aIbarra, Maria de la Luz
245 _aMexican immigrant women and the new domestic labour
260 _c2000
300 _ap.452-64
362 _aWinter
650 _aWomen workers - Mexico
650 _aWomen workers
773 _aHuman Organization
909 _a47267
999 _c47267
_d47267